Score 0/10 Timer 00:45
14 Plays Today
% Correct
Eric Forman
That '70s Show
87.1%
Finn Hudson
Glee
85.7%
Serena van der Woodsen
Gossip Girl
82.3%
Sansa Stark
Game of Thrones
81.3%
Carl Grimes
The Walking Dead
77.6%
Clay Jensen
13 Reasons Why
75%
Nancy Wheeler
Stranger Things
74.7%
Selina Kyle
Gotham
74.4%
Bailey Salinger
Party of Five
72.9%
Naomi Campbell
Skins
63.3%
Remove Ads.
Support Sporcle.
Get the best of Sporcle when you Go Orange. This ad-free experience offers more features, more stats, and more fun while also helping to support Sporcle. Thank you for becoming a member.

You're not logged in!

Compare scores with friends on all Sporcle quizzes.
OR
Log In

Show Comments

Extras

Top Quizzes Today


Score Distribution

Your Account Isn't Verified!

In order to create a playlist on Sporcle, you need to verify the email address you used during registration. Go to your Sporcle Settings to finish the process.

Report this User

Report this user for behavior that violates our Community Guidelines.

Details: